| 000 | 01279nam a22003497a 4500 | ||
|---|---|---|---|
| 003 | CHAP | ||
| 005 | 20220817043613.0 | ||
| 008 | 000127d1999 mx r 00110 spa d | ||
| 010 | _a79557 | ||
| 011 | _a80529 | ||
| 035 | _a90980 | ||
| 040 | _cCHAP | ||
| 090 | _aTesis | ||
| 100 | 0 | 0 |
_aRojas Pérez, Juan Pablo. _999354 |
| 245 | 1 | 0 |
_aPerspectivas de ampliación del mercado de la jamaica (Hibiscus sabdariffa L.) del estado de Guerrero _c/por Juan Pablo Rojas Pérez |
| 260 |
_aChapingo, Méx. : _bEl autor, _c1999. |
||
| 300 | _a67 h. | ||
| 502 | _aTesis (Lic. en Comercio Internacional de Productos Agropecuarios) -- UACH. División de Ciencias Económico Administrativas | ||
| 590 |
_aALEPH _b10 _c20130110 _lUCH01 _h1432 |
||
| 590 |
_aBATCH-UPD _b10 _c20130110 _lUCH01 _h0737 |
||
| 590 |
_aBATCH-UPD _b10 _c20130410 _lUCH01 _h0419 |
||
| 590 |
_aBATCH-UPD _b10 _c20130914 _lUCH01 _h1701 |
||
| 590 |
_aCONVERSION _b10 _c20130109 _lUCH01 _h1344 |
||
| 650 | 1 | 4 |
_aJamaica _xMercadeo. |
| 650 | 1 | 4 |
_aJamaica _zGuerrero. _961004 |
| 901 | _aBK | ||
| 905 | _aAlejandra Carrasco M. | ||
| 942 | _cFOLL | ||
| 949 |
_bBC _cTES _d33724000728002 _eTS2 _fc.2 _h34285 _i90980 _si |
||
| 949 |
_bBC _cTES _d33724000760674 _eTS2 _fc.3 _h35880 _i90980 _si |
||
| 949 |
_bBC _cTES _d909801 _eTS1 _h34284 _i90980 _sb |
||
| 999 |
_c79557 _d79557 |
||